Ekonomika v automatizácii /

Na minha lista:
Detalhes bibliográficos
Autor principal: Cirák, Ján (Author)
Formato: Livro
Idioma:eslovaco
Publicado em: Bratislava : STU v Bratislave, 1979
Edição:2.vyd.
Tags: Adicionar Tag
Sem tags, seja o primeiro a adicionar uma tag!

MARC

LEADER 00000nam a22000003a 4500
001 stu6897
005 20150617225809.7
008 940721s1979----cs------------------slo-d
040 |a STU  |b slo 
041 0 |a slo 
044 |a cs 
100 1 |a Cirák, Ján  |4 aut 
245 1 |a Ekonomika v automatizácii /  |c [aut.] Cirák,Ján 
250 |a 2.vyd. 
260 |a Bratislava :  |b STU v Bratislave,  |c 1979 
300 |a 169 s 
996 |b E44719  |c E*44719  |l EE01  |s A  |a 24  |w stu6897_0001 
996 |b E49179  |c E*49179  |l EE06  |s P  |a 0  |w stu6897_0002